000 00914nam a22002055i 4500
001 161460
003 ES-MaACL
005 20230906212305.0
008 000425s1860 sp |||| | spa d
080 _a615.838(460.224 Alhama de Aragón)
100 1 _aParraverde y Aguilar, Tomás.
_9130868
245 1 0 _aMonografía de las aguas y baños minero-termo-medicinales de Alhama de Aragón /
_cpor Tomás Parraverde y Aguilar.
260 _aMadrid :
_b[s.n.],
_c1860 (
_fImp. de Gabriel Alhambra)
300 _aXIX, 143 p. ;
_c21 cm.
530 _aDisponible en formato digital.
650 4 _aBalnearios-
_zAlhama de Aragón.
_9175984
650 4 _aAguas minerales-
_zAlhama de Aragón.
_9159261
852 4 _aES-MaACL
_jT-56-F-4
_z- Enc. hol., falto de cub. original
_z- Enc. en un vol. facticio
856 4 _uhttp://simurg.bibliotecas.csic.es/viewer/piresolver?id=CSIC001081944
_zFondos digitalizados del CSIC
999 _c161460
_d161460